<?xml version="1.0" encoding="UTF-8"?>
<record
    xmlns:xsi="http://www.w3.org/2001/XMLSchema-instance"
    xsi:schemaLocation="http://www.loc.gov/MARC21/slim http://www.loc.gov/standards/marcxml/schema/MARC21slim.xsd"
    xmlns="http://www.loc.gov/MARC21/slim">

  <leader>01149nam a22002537a 4500</leader>
  <controlfield tag="005">20090825120337.0</controlfield>
  <controlfield tag="008">090728t        xxu||||| |||| 00| 0 pun d</controlfield>
  <datafield tag="010" ind1=" " ind2=" ">
    <subfield code="a">PUN-6517</subfield>
  </datafield>
  <datafield tag="020" ind1=" " ind2=" ">
    <subfield code="c">575.00</subfield>
    <subfield code="a">97889350170694</subfield>
  </datafield>
  <datafield tag="035" ind1=" " ind2=" ">
    <subfield code="a">PN-5635</subfield>
  </datafield>
  <datafield tag="037" ind1=" " ind2=" ">
    <subfield code="b">DBAD / PUB</subfield>
  </datafield>
  <datafield tag="040" ind1=" " ind2=" ">
    <subfield code="a">dpl</subfield>
    <subfield code="b">pn</subfield>
  </datafield>
  <datafield tag="082" ind1=" " ind2=" ">
    <subfield code="a">852</subfield>
  </datafield>
  <datafield tag="100" ind1=" " ind2=" ">
    <subfield code="9">24414</subfield>
    <subfield code="a">&#xA30;&#xA3E;&#xA1C;&#xA3F;&#xA70;&#xA26;&#xA30; &#xA2D;&#xA4B;&#xA17;&#xA32;</subfield>
  </datafield>
  <datafield tag="245" ind1=" " ind2=" ">
    <subfield code="a">&#xA2E;&#xA47;&#xA30;&#xA47; &#xA28;&#xA3E;&#xA1F;&#xA15; &#xA05;&#xA24;&#xA47; &#xA07;&#xA15;&#xA3E;&#xA02;&#xA17;&#xA40; /</subfield>
    <subfield code="c">&#xA30;&#xA3E;&#xA1C;&#xA3F;&#xA70;&#xA26;&#xA30; &#xA2D;&#xA4B;&#xA17;&#xA32; , &#xA05;&#xA2E;&#xA28;&#xA26;&#xA40;&#xA2A; &#xA2D;&#xA4B;&#xA17;&#xA32; &#xA26;&#xA4D;&#xA35;&#xA3E;&#xA30;&#xA3E; &#xA38;&#xA70;&#xA2A;&#xA3E;&#xA26;&#xA3F;&#xA24;</subfield>
  </datafield>
  <datafield tag="246" ind1=" " ind2=" ">
    <subfield code="a">Mere natak ate Ikangi</subfield>
    <subfield code="b">by Rajinder Bhogal</subfield>
  </datafield>
  <datafield tag="260" ind1=" " ind2=" ">
    <subfield code="a">&#xA1A;&#xA70;&#xA21;&#xA40;&#xA17;&#xA21;&#xA3C;</subfield>
    <subfield code="b">&#xA32;&#xA4B;&#xA15;&#xA17;&#xA40;&#xA24; &#xA2A;&#xA4D;&#xA30;&#xA15;&#xA3E;&#xA38;&#xA3C;&#xA28;</subfield>
    <subfield code="c">2010</subfield>
  </datafield>
  <datafield tag="270" ind1=" " ind2=" ">
    <subfield code="a">s.c.o-26-27, Sector-34-A, </subfield>
    <subfield code="b">&#xA1A;&#xA70;&#xA21;&#xA40;&#xA17;&#xA21;&#xA3C;</subfield>
    <subfield code="e">160022</subfield>
    <subfield code="k">01624-682954, 09781534406</subfield>
  </datafield>
  <datafield tag="300" ind1="4" ind2=" ">
    <subfield code="a">423 &#xA38;&#xA2B;&#xA47;</subfield>
    <subfield code="c">22 &#xA38;&#xA47;&#xA2E;&#xA40; (&#xA38;&#xA1C;&#xA3F;&#xA32;&#xA71;&#xA26;)</subfield>
  </datafield>
  <datafield tag="650" ind1=" " ind2=" ">
    <subfield code="9">24412</subfield>
    <subfield code="a">&#xA2A;&#xA70;&#xA1C;&#xA3E;&#xA2C;&#xA40; &#xA28;&#xA3E;&#xA1F;&#xA15;</subfield>
  </datafield>
  <datafield tag="650" ind1=" " ind2=" ">
    <subfield code="a">Drama</subfield>
    <subfield code="9">24431</subfield>
  </datafield>
  <datafield tag="942" ind1=" " ind2=" ">
    <subfield code="2">ddc</subfield>
    <subfield code="c">PN</subfield>
    <subfield code="h">852</subfield>
    <subfield code="m">&#xA30;&#xA3E;&#xA1C;&#xA3F;&#xA70;&#xA26;</subfield>
  </datafield>
  <datafield tag="999" ind1=" " ind2=" ">
    <subfield code="c">48895</subfield>
    <subfield code="d">48895</subfield>
  </datafield>
  <datafield tag="952" ind1=" " ind2=" ">
    <subfield code="0">0</subfield>
    <subfield code="1">0</subfield>
    <subfield code="2">ddc</subfield>
    <subfield code="4">0</subfield>
    <subfield code="7">0</subfield>
    <subfield code="8">NFIC</subfield>
    <subfield code="a">DBAD</subfield>
    <subfield code="b">DBAD</subfield>
    <subfield code="d">2010-12-01</subfield>
    <subfield code="e">DBAD/PUB</subfield>
    <subfield code="g">575.00</subfield>
    <subfield code="l">0</subfield>
    <subfield code="o">852 &#xA30;&#xA3E;&#xA1C;&#xA3F;&#xA70;&#xA26;</subfield>
    <subfield code="p">PN-5635</subfield>
    <subfield code="r">2010-12-01 00:00:00</subfield>
    <subfield code="t">1</subfield>
    <subfield code="v">575.00</subfield>
    <subfield code="w">2010-12-01</subfield>
    <subfield code="y">PN</subfield>
  </datafield>
</record>
